Targeted Program Management of the Fruit and Berry Sub-Complex of Krasnodar Region (Record no. 310404)
[ view plain ]
| 000 -LEADER | |
|---|---|
| fixed length control field | 00578nam a2200145Ia 4500 |
| 008 - FIXED-LENGTH DATA ELEMENTS--GENERAL INFORMATION | |
| fixed length control field | 170221s9999 xx 000 0 und d |
| 100 ## - MAIN ENTRY--PERSONAL NAME | |
| Personal name | Elena N. Klochko |
| 245 ## - TITLE STATEMENT | |
| Title | Targeted Program Management of the Fruit and Berry Sub-Complex of Krasnodar Region |
| 245 ## - TITLE STATEMENT | |
| Statement of responsibility, etc | Elena N. Klochko, Viktor O. Shishkin, Rustem A. Shichiyakh, Svetlana N. Sychanina, Vitaly M. Smolentsev |
| 260 ## - PUBLICATION, DISTRIBUTION, ETC. (IMPRINT) | |
| Name of publisher, distributor, etc | International Review of Management and Marketing |
| 260 ## - PUBLICATION, DISTRIBUTION, ETC. (IMPRINT) | |
| Date of publication, distribution, etc | November 2012 |
| 300 ## - PHYSICAL DESCRIPTION | |
| Extent | 1:2 |
| 650 ## - SUBJECT ADDED ENTRY--TOPICAL TERM | |
| General subdivision | Marketing. |
| 856 ## - ELECTRONIC LOCATION AND ACCESS | |
| Uniform Resource Identifier | <a href="http://www.econjournals.com/index.php/irmm/issue/view/70">http://www.econjournals.com/index.php/irmm/issue/view/70</a> |
| Withdrawn status | Lost status | Damaged status | Home library | Current library | Date acquired | Total Checkouts | Date last seen | Price effective from | Koha item type |
|---|---|---|---|---|---|---|---|---|---|
| College Library | College Library | 02/21/2017 | 02/21/2017 | 02/21/2017 | Foreign e-journal articles |